Social and economic values of genetic conservation (Record no. 68800)

MARC details
000 -LEADER
fixed length control field 01385nam a2200157Ia 4500
100 ## - MAIN ENTRY--AUTHOR NAME
Personal name McNeely J A
245 #0 - TITLE STATEMENT
Title Social and economic values of genetic conservation
260 ## - PUBLICATION, DISTRIBUTION, ETC. (IMPRINT)
Name of publisher In : Proceedings of the international Symp. Genetic Conservation Trop. Trees, Chiang Mai, 1993, 26-33
Year of publication 1994
300 ## - PHYSICAL DESCRIPTION
Number of Pages 26-33
500 ## - GENERAL NOTE
General note Source Year: 1996
520 ## - SUMMARY, ETC.
Summary, etc The historical relationship between people and forests and the role people have played in maintaining diversity in Asias forested habitats is reviewed. The economic roots of the loss of genetic diversity are discussed, with attention particularly focused on : subsidised energy in the form of oil, pesticides and transportation; single products resulting in large plantations of genetically similar trees; and response to global rather than local economic forces. The emergence of new forms of biotechnology presents great potential for a productive link between conservation and sustainable utilisation of genetic diversity and is likely to bring about profound changes in the relationship between people and forests in Southeast Asia. Implications of biotechnology for Asia, particularly for coffee, rubber and oil palm, based on series of reports from Rural Advancement Fund International, are described.
650 ## - SUBJECT ADDED ENTRY--TOPICAL TERM
Topical Term Genetic conservation
856 ## - ELECTRONIC LOCATION AND ACCESS
Uniform Resource Identifier IRRDB
942 ## - ADDED ENTRY ELEMENTS (KOHA)
Koha item type Journals
Holdings
Withdrawn status Lost status Damaged status Not for loan Home library Current library Shelving location Date acquired Koha item type
      Journals RRII Library RRII Library Germaplsm 17/12/2021 Journals